[Event "17. Europa ch Juvenil - Masculino s12"]
[Site "Sibenik CRO"]
[Date "2007.09.14"]
[Round "1.1"]
[White "Georgiadis, Nico"]
[Black "Nyzhnyk, Illya"]
[Result "0-1"]
[WhiteElo "1869"]
[BlackElo "2341"]
[PlyCount "98"]
[EventDate "2007.09.14"]
[EventType "swiss"]
[EventRounds "9"]
[EventCountry "CRO"]
[Source "lmi"]
[SourceDate "2007.09.14"]

1. e4 c5 2. Nf3 d6 3. d4 cxd4 4. Nxd4 Nf6 5. Nc3 a6 6. Be3 e5 7. Nf3 Qc7 8. Qd2
b5 9. Be2 Bb7 10. Nd5 Nxd5 11. exd5 Nd7 12. b3 Be7 13. O-O O-O 14. c4 bxc4 15.
bxc4 Nc5 16. Rab1 Bc8 17. Rfc1 Bf5 18. Rb2 Rab8 19. Rxb8 Rxb8 20. Ne1 Bg6 21.
Nd3 Ne4 22. Qe1 Nf6 23. Nb4 Ra8 24. Nc6 Bf8 25. Qd1 Bf5 26. Qb3 Bd7 27. Bb6 Qc8
28. Na5 Nxd5 29. Bf3 Nxb6 30. Qxb6 Rb8 31. Bb7 Qc5 32. Qxa6 Qa3 33. Nb3 Qxa6
34. Bxa6 Rb6 35. Bb5 Bxb5 36. cxb5 Rxb5 37. f3 d5 38. Kf2 g6 39. Ke2 Kg7 40.
Kd3 Rb4 41. Re1 Kf6 42. Kc2 Ra4 43. Kb2 Ke6 44. Re2 f5 45. Rc2 e4 46. fxe4 fxe4
47. Rc8 Be7 48. Rc6+ Kd7 49. Rc2 Kd6 0-1

[Event "17. Europa ch Juvenil - Masculino s12"]
[Site "Sibenik CRO"]
[Date "2007.09.14"]
[Round "1.2"]
[White "Chernyavskiy, Alexander"]
[Black "Fagnani, Alessandro"]
[Result "1-0"]
[WhiteElo "2259"]
[BlackElo "1860"]
[PlyCount "83"]
[EventDate "2007.09.14"]
[EventType "swiss"]
[EventRounds "9"]
[EventCountry "CRO"]
[Source "lmi"]
[SourceDate "2007.09.14"]

1. c4 e5 2. Nc3 Nf6 3. g3 Nc6 4. Bg2 Bc5 5. d3 d6 6. Nf3 Bg4 7. h3 Be6 8. O-O
O-O 9. b3 Nd4 10. e3 Nxf3+ 11. Qxf3 c6 12. Na4 Bb4 13. a3 Ba5 14. Bb2 Rc8 15.
b4 Bc7 16. Qe2 a5 17. Kh2 Qd7 18. c5 Bb3 19. cxd6 Bxa4 20. dxc7 Qxc7 21. Rfc1
Rfe8 22. d4 Bb5 23. Qd2 e4 24. a4 Bd3 25. b5 Qb6 26. Qc3 h6 27. Qc5 Qxc5 28.
Rxc5 cxb5 29. axb5 b6 30. Rc6 Nd7 31. Rac1 Rb8 32. Bf1 Bxf1 33. Rxf1 Rec8 34.
d5 Nc5 35. Be5 Rxc6 36. bxc6 Rc8 37. Rb1 f6 38. Bd4 Na6 39. Rxb6 Nc7 40. d6 Ne6
41. c7 Nxc7 42. Rc6 1-0

[Event "17. Europa ch Juvenil - Masculino s12"]
[Site "Sibenik CRO"]
[Date "2007.09.14"]
[Round "1.3"]
[White "Stella, Luca"]
[Black "Bukavshin, Ivan"]
[Result "0-1"]
[WhiteElo "1855"]
[BlackElo "2250"]
[PlyCount "110"]
[EventDate "2007.09.14"]
[EventType "swiss"]
[EventRounds "9"]
[EventCountry "CRO"]
[Source "lmi"]
[SourceDate "2007.09.14"]

1. e4 c5 2. Nf3 d6 3. d4 cxd4 4. Nxd4 Nf6 5. Nc3 g6 6. Be3 Bg7 7. f3 a6 8. Qd2
Nbd7 9. O-O-O b5 10. g4 Bb7 11. h4 h5 12. g5 Nh7 13. f4 Qa5 14. Kb1 Rc8 15. Bg2
Rxc3 16. Qxc3 Qxc3 17. bxc3 Nc5 18. Rhe1 Bxe4 19. Bxe4 Nxe4 20. Rd3 Nc5 21.
Rdd1 Na4 22. Bd2 Nf8 23. Re2 e6 24. Rf1 Rh7 25. Rf3 Kd7 26. Nb3 d5 27. Be1 Kc8
28. Ree3 Nd7 29. Bf2 Rh8 30. Rd3 Re8 31. Bg1 Kb7 32. Bd4 Bf8 33. Na5+ Kc7 34.
Be5+ Kb6 35. Nb3 Rc8 36. Bd4+ Kb7 37. Rg3 Bd6 38. Rgf3 Ka8 39. Rde3 Nac5 40.
Nxc5 Nxc5 41. Bxc5 Bxc5 42. Re1 Rc6 43. Kc1 Bb6 44. Kb2 Kb7 45. Re2 Kc7 46. Re1
Kd7 47. Re2 Rc4 48. Re1 Bc7 49. Ref1 Bd6 50. R1f2 Bf8 51. Rf1 Bg7 52. a3 a5 53.
Kb3 Bf8 54. Ra1 Ra4 55. Rf2 Bd6 0-1

[Event "17. Europa ch Juvenil - Masculino s12"]
[Site "Sibenik CRO"]
[Date "2007.09.14"]
[Round "1.4"]
[White "Fedoseev, Vladimir"]
[Black "Yuksel, Atilla Koksal"]
[Result "1-0"]
[WhiteElo "2237"]
[BlackElo "1848"]
[PlyCount "167"]
[EventDate "2007.09.14"]
[EventType "swiss"]
[EventRounds "9"]
[EventCountry "CRO"]
[Source "lmi"]
[SourceDate "2007.09.14"]

1. e4 c5 2. Nf3 Nc6 3. d4 cxd4 4. Nxd4 Nf6 5. Nc3 d6 6. Bc4 e6 7. Be3 Be7 8.
Qe2 a6 9. O-O-O Qc7 10. Bb3 O-O 11. g4 Na5 12. g5 Nxb3+ 13. axb3 Nd7 14. h4 b5
15. g6 hxg6 16. h5 g5 17. Rdg1 Bf6 18. Qd2 b4 19. Na4 Nc5 20. Nxc5 dxc5 21. Nf3
c4 22. e5 c3 23. Qd4 Qa5 24. Kb1 cxb2 25. Qxb2 Be7 26. Bxg5 Bxg5 27. Rxg5 Bb7
28. Rhg1 Rfd8 29. Rxg7+ Kf8 30. h6 Bxf3 31. Rg8+ Ke7 32. h7 Rxg8 33. Rxg8 Rd8
34. Qc1 Qxe5 35. h8=Q Qxh8 36. Rxh8 Rd1 37. Qxd1 Bxd1 38. Ra8 Be2 39. Kc1 Kf6
40. Kd2 Bb5 41. Ra7 e5 42. Ke3 Ke6 43. Rb7 f5 44. Rc7 Kd6 45. Ra7 Ke6 46. Kf3
Kf6 47. Kg3 Ke6 48. Kh4 Kf6 49. Rb7 e4 50. Kg3 Ke5 51. Re7+ Kf6 52. Rc7 Kg5 53.
Rc5 Bf1 54. f4+ exf3 55. Kxf3 Bb5 56. Rc7 Bf1 57. Rg7+ Kf6 58. Rb7 Bb5 59. Kf4
Ke6 60. Rb6+ Kd5 61. Kxf5 Kc5 62. Rb7 Bc6 63. Rc7 Kb6 64. Re7 a5 65. Re6 Kc7
66. Re7+ Kb6 67. Ke5 a4 68. Kd4 Bb5 69. Re6+ Ka5 70. Kc5 a3 71. Re1 Bd7 72. Ra1
Bf5 73. c3 Bc2 74. cxb4+ Ka6 75. Rxa3+ Kb7 76. b5 Be4 77. b6 Bg2 78. b4 Be4 79.
Ra7+ Kb8 80. Re7 Bf3 81. b7 Ka7 82. b5 Bxb7 83. b6+ Ka6 84. Rc7 1-0

[Event "17. Europa ch Juvenil - Masculino s12"]
[Site "Sibenik CRO"]
[Date "2007.09.14"]
[Round "1.5"]
[White "Tzouganakis, Panteleimon"]
[Black "Dubov, Daniil"]
[Result "1/2-1/2"]
[WhiteElo "1832"]
[BlackElo "2177"]
[PlyCount "109"]
[EventDate "2007.09.14"]
[EventType "swiss"]
[EventRounds "9"]
[EventCountry "CRO"]
[Source "lmi"]
[SourceDate "2007.09.14"]

1. e4 c5 2. Nf3 e6 3. d4 cxd4 4. Nxd4 Nf6 5. Nc3 Nc6 6. Ndb5 d6 7. Bf4 e5 8.
Bg5 a6 9. Na3 b5 10. Nd5 Be7 11. Bxf6 Bxf6 12. c3 O-O 13. Nc2 Bg5 14. Be2 Kh8
15. O-O g6 16. a4 bxa4 17. Rxa4 Bb7 18. Ncb4 Nb8 19. Qa1 a5 20. Bb5 f5 21. f3
axb4 22. Rxa8 Bxd5 23. exd5 Qb6+ 24. Kh1 Qxb5 25. cxb4 Qxd5 26. Rd1 Qb5 27.
Rxd6 Qxb4 28. Rd5 Nc6 29. Rxf8+ Qxf8 30. Qa4 Qf6 31. Qb5 Kg7 32. Qb7+ Ne7 33.
Rd7 Qe6 34. Qb5 e4 35. fxe4 fxe4 36. Ra7 Bf6 37. Ra6 Qd5 38. Qe2 Qd4 39. Re6
Nf5 40. Rxe4 Qxb2 41. Qxb2 Bxb2 42. Rb4 Bf6 43. g3 Be5 44. Kg2 h5 45. Kf3 Kf6
46. Ra4 Kg5 47. Ra5 Bc7 48. Rc5 Bd6 49. Rc3 Be5 50. Rd3 h4 51. Rd5 Kf6 52. gxh4
Nxh4+ 53. Kg4 Nf5 54. Rxe5 Kxe5 55. Kg5 1/2-1/2

[Event "17. Europa ch Juvenil - Masculino s12"]
[Site "Sibenik CRO"]
[Date "2007.09.14"]
[Round "1.6"]
[White "Yudin, Ivan"]
[Black "Vucic, Mihovil"]
[Result "1-0"]
[WhiteElo "2166"]
[BlackElo "1832"]
[PlyCount "69"]
[EventDate "2007.09.14"]
[EventType "swiss"]
[EventRounds "9"]
[EventCountry "CRO"]
[Source "lmi"]
[SourceDate "2007.09.14"]

1. d4 d5 2. c4 e6 3. Nc3 Nf6 4. cxd5 exd5 5. Bg5 Be7 6. e3 Nbd7 7. Bd3 O-O 8.
Nf3 Re8 9. Qc2 Nf8 10. O-O c6 11. Rae1 Ng6 12. Ne5 Ne4 13. Bxe7 Qxe7 14. Nxg6
hxg6 15. f3 Nf6 16. e4 Qb4 17. Qf2 Be6 18. e5 Nd7 19. a3 Qb6 20. f4 Bf5 21. Rd1
Rad8 22. h3 Nf8 23. g4 Bxd3 24. Rxd3 Ne6 25. f5 Ng5 26. Qf4 Ne4 27. Nxe4 dxe4
28. Qxe4 g5 29. h4 gxh4 30. g5 Qxb2 31. Qxh4 c5 32. g6 cxd4 33. gxf7+ Kxf7 34.
e6+ Kg8 35. f6 1-0

[Event "17. Europa ch Juvenil - Masculino s12"]
[Site "Sibenik CRO"]
[Date "2007.09.14"]
[Round "1.7"]
[White "Lapidus, Mark"]
[Black "Bajarani, Ulvi"]
[Result "0-1"]
[WhiteElo "1821"]
[BlackElo "2164"]
[PlyCount "68"]
[EventDate "2007.09.14"]
[EventType "swiss"]
[EventRounds "9"]
[EventCountry "CRO"]
[Source "lmi"]
[SourceDate "2007.09.14"]

1. Nf3 d5 2. c4 c6 3. e3 Nf6 4. Nc3 g6 5. d4 Bg7 6. Be2 O-O 7. O-O dxc4 8. Bxc4
Nbd7 9. Qe2 c5 10. Rd1 cxd4 11. exd4 Nb6 12. Bb3 a5 13. Ne5 Nfd5 14. Qb5 Be6
15. Nxd5 Bxd5 16. Bf4 Ra6 17. Bg3 Bxb3 18. axb3 Qd5 19. Qxd5 Nxd5 20. Rdc1 e6
21. Nd7 Rd8 22. Nc5 Ra7 23. Be5 b6 24. Ne4 Rad7 25. Kf1 h6 26. Rc6 f6 27. Bg3
f5 28. Nc3 f4 29. Nxd5 fxg3 30. Nxb6 gxh2 31. Ke2 Rxd4 32. Rh1 Rd2+ 33. Kf3
R8d3+ 34. Ke4 Rxb3 0-1

[Event "17. Europa ch Juvenil - Masculino s12"]
[Site "Sibenik CRO"]
[Date "2007.09.14"]
[Round "1.8"]
[White "Grigoryan, Karen H"]
[Black "Williams, Peter Arthur"]
[Result "1-0"]
[WhiteElo "2150"]
[BlackElo "1816"]
[PlyCount "81"]
[EventDate "2007.09.14"]
[EventType "swiss"]
[EventRounds "9"]
[EventCountry "CRO"]
[Source "lmi"]
[SourceDate "2007.09.14"]

1. e4 e6 2. d4 d5 3. Nc3 Bb4 4. Nge2 dxe4 5. a3 Bxc3+ 6. Nxc3 Nf6 7. Bg5 h6 8.
Bxf6 Qxf6 9. Nxe4 Qe7 10. Bd3 O-O 11. O-O Nd7 12. Qf3 Rb8 13. Rfe1 Nb6 14. Qg3
Rd8 15. c3 Nd5 16. Rad1 b6 17. c4 Nf6 18. Nxf6+ Qxf6 19. Qxc7 Bb7 20. Qe5 Qxe5
21. dxe5 Kf8 22. f3 Rd4 23. Be2 Rbd8 24. Rxd4 Rxd4 25. Rd1 Rxd1+ 26. Bxd1 Ke7
27. Kf2 Kd7 28. Ke3 Kc6 29. Kd4 a6 30. b4 b5 31. f4 Kb6 32. Bf3 Bc8 33. h4 Bd7
34. g4 g6 35. Be2 Bc6 36. Kc3 bxc4 37. Bxc4 Bf3 38. g5 hxg5 39. fxg5 Bg4 40. a4
a5 41. Bb5 1-0

[Event "17. Europa ch Juvenil - Masculino s12"]
[Site "Sibenik CRO"]
[Date "2007.09.14"]
[Round "1.9"]
[White "Bujnosek, Tomas"]
[Black "Savitskiy, Sergey"]
[Result "0-1"]
[WhiteElo "1814"]
[BlackElo "2127"]
[PlyCount "112"]
[EventDate "2007.09.14"]
[EventType "swiss"]
[EventRounds "9"]
[EventCountry "CRO"]
[Source "lmi"]
[SourceDate "2007.09.14"]

1. e4 c5 2. Nf3 Nc6 3. d4 cxd4 4. Nxd4 g6 5. c4 Nf6 6. Nc3 d6 7. Be3 Bg7 8. Be2
Nxd4 9. Bxd4 O-O 10. O-O Be6 11. Rc1 Qa5 12. Kh1 Rfc8 13. b3 a6 14. f4 b5 15.
cxb5 axb5 16. Bf3 Rab8 17. Qd2 b4 18. Ne2 Nd7 19. Bxg7 Kxg7 20. Nd4 Nc5 21. Qb2
Kg8 22. Qd2 Rf8 23. Nc6 Qb6 24. Nxb8 Rxb8 25. f5 Bd7 26. Rfe1 f6 27. Bg4 Kg7
28. Re3 g5 29. Bh5 Bc6 30. Rc4 Ba8 31. Bd1 Bc6 32. Bh5 Ba8 33. Qe2 Bb7 34. Qd2
Ba6 35. Rd4 Nd7 36. Be2 Bxe2 37. Rxe2 Ne5 38. Re3 h5 39. Qd1 Ng4 40. Re2 Rc8
41. h3 Ne5 42. Rdd2 Rc3 43. Rc2 Rd3 44. Qc1 h4 45. Rc8 Qd4 46. Re1 Qf2 47. Rc2
Qg3 48. Ree2 g4 49. Qb1 gxh3 50. gxh3 Qxh3+ 51. Rh2 Qf3+ 52. Rhg2+ Kf7 53. Kh2
Rd1 54. Qb2 Qf4+ 55. Kh3 Rh1+ 56. Rh2 Qg3# 0-1

[Event "17. Europa ch Juvenil - Masculino s12"]
[Site "Sibenik CRO"]
[Date "2007.09.14"]
[Round "1.10"]
[White "Rapport, Richard"]
[Black "Karabayir, Mustafa Yilmaz"]
[Result "0-1"]
[WhiteElo "2122"]
[BlackElo "1808"]
[PlyCount "132"]
[EventDate "2007.09.14"]
[EventType "swiss"]
[EventRounds "9"]
[EventCountry "CRO"]
[Source "lmi"]
[SourceDate "2007.09.14"]

1. e4 e5 2. f4 d5 3. Nf3 dxe4 4. Nxe5 Bd6 5. Bc4 Bxe5 6. fxe5 Qd4 7. Qe2 Nc6 8.
Bb5 Nge7 9. Nc3 Bf5 10. Rf1 Qxe5 11. d4 Qe6 12. Qf2 Bg6 13. Bg5 O-O 14. O-O-O
Nb4 15. a3 Nbd5 16. Bc4 f6 17. Bf4 c6 18. Rfe1 Kh8 19. Bg3 Qg4 20. Nxd5 cxd5
21. Bb3 Rfd8 22. Bc7 Rd7 23. Bf4 Rc8 24. Re3 Bh5 25. Rde1 Nf5 26. R3e2 Nxd4 27.
Qxd4 Qxf4+ 28. Re3 Qg5 29. Kb1 b6 30. Rxe4 Qxg2 31. R4e3 Qxh2 32. Ba4 Rdd8 33.
Rc3 Rxc3 34. Qxc3 Qh4 35. Re7 Qxa4 36. Qe3 Re8 37. b3 Rxe7 38. Qxe7 Qe8 39.
Qxa7 Qd8 40. a4 h6 41. Qa6 Qd6 42. a5 d4 43. axb6 Kh7 44. Qb5 Bg4 45. b7 Qb8
46. Qc6 h5 47. Qe4+ Kh6 48. b4 Bd7 49. Qd5 Qc7 50. b5 Be8 51. Qg8 Qe5 52. b6
Qe1+ 53. Kb2 Qc3+ 54. Kb1 Qe1+ 55. Kb2 Qc3+ 56. Kb1 Bg6 57. Qh8+ Kg5 58. Qc8
Qb4+ 59. Ka1 Qa5+ 60. Kb2 Qb4+ 61. Ka1 Qa3+ 62. Kb1 d3 63. b8=Q dxc2+ 64. Qxc2
Qb3+ 65. Ka1 Bxc2 66. Qg3+ Qxg3 0-1

[Event "17. Europa ch Juvenil - Masculino s12"]
[Site "Sibenik CRO"]
[Date "2007.09.14"]
[Round "1.11"]
[White "Barbot, Pierre"]
[Black "Beradze, Irakli"]
[Result "1/2-1/2"]
[WhiteElo "1795"]
[BlackElo "2109"]
[PlyCount "85"]
[EventDate "2007.09.14"]
[EventType "swiss"]
[EventRounds "9"]
[EventCountry "CRO"]
[Source "lmi"]
[SourceDate "2007.09.14"]

1. e4 c6 2. d4 d5 3. e5 Bf5 4. Nf3 e6 5. Be2 Nd7 6. O-O Ne7 7. b3 Qa5 8. c4 Bg6
9. Bd2 Qb6 10. Nc3 Nf5 11. c5 Qc7 12. b4 Be7 13. b5 Bh5 14. Bf4 h6 15. h3 g5
16. Bh2 Qa5 17. Rc1 Bg6 18. a4 h5 19. g4 hxg4 20. hxg4 Nh4 21. Nxh4 Rxh4 22.
Bg3 Rh6 23. Qb3 Qc7 24. Kg2 Kf8 25. Rh1 Rxh1 26. Rxh1 Kg7 27. Na2 Re8 28. Nb4
Qc8 29. f4 f6 30. Qe3 fxe5 31. fxe5 Rf8 32. Bd3 Bxd3 33. Qxd3 Rh8 34. Rxh8 Kxh8
35. Qg6 Nb8 36. Be1 Qg8 37. Qh6+ Qh7 38. Qxe6 Qe4+ 39. Kf1 Qh1+ 40. Kf2 Qh2+
41. Kf1 Qh1+ 42. Kf2 Qh2+ 43. Kf1 1/2-1/2

[Event "17. Europa ch Juvenil - Masculino s12"]
[Site "Sibenik CRO"]
[Date "2007.09.14"]
[Round "1.12"]
[White "Pagerka, Martin"]
[Black "Bizovi, Mihai"]
[Result "1/2-1/2"]
[WhiteElo "2094"]
[BlackElo "1792"]
[PlyCount "118"]
[EventDate "2007.09.14"]
[EventType "swiss"]
[EventRounds "9"]
[EventCountry "CRO"]
[Source "lmi"]
[SourceDate "2007.09.14"]

1. e4 c5 2. Nf3 e6 3. d4 cxd4 4. Nxd4 Nf6 5. Bd3 d6 6. O-O a6 7. c4 Be7 8. Nc3
O-O 9. Be3 Qc7 10. Rc1 Nbd7 11. f3 b6 12. Qd2 Bb7 13. Qf2 Rac8 14. Be2 Qb8 15.
Nc2 Bd8 16. Rfd1 Bc7 17. g3 Rfd8 18. b4 Qa8 19. Na4 Qa7 20. Nd4 d5 21. exd5
exd5 22. c5 bxc5 23. bxc5 Re8 24. c6 Bxc6 25. Rxc6 Bxg3 26. hxg3 Rxc6 27. Nxc6
Qxe3 28. Qxe3 Rxe3 29. Bxa6 Rxf3 30. Rd3 Rxd3 31. Bxd3 Kf8 32. Kf2 Ne4+ 33. Kf3
f5 34. Bc2 g6 35. Bb3 Nd2+ 36. Ke3 Nxb3 37. axb3 Kf7 38. Nd4 Ke7 39. Nc3 Nf6
40. b4 Kd6 41. Ndb5+ Kc6 42. Nd4+ Kd6 43. Nde2 Ke5 44. b5 Nd7 45. Nd4 g5 46.
Nf3+ Kd6 47. Nxg5 Kc5 48. Ne6+ Kc4 49. Ne2 Kxb5 50. N2d4+ Kc4 51. Nxf5 Nf6 52.
Nd6+ Kc3 53. Kf3 h6 54. Nc5 Nh5 55. g4 Nf6 56. Nde4+ dxe4+ 57. Nxe4+ Nxe4 58.
Kxe4 Kd2 59. Kf4 Ke2 1/2-1/2

[Event "17. Europa ch Juvenil - Masculino s12"]
[Site "Sibenik CRO"]
[Date "2007.09.14"]
[Round "1.13"]
[White "Seidl, Stepan"]
[Black "Sanchez Ibern, Marc"]
[Result "0-1"]
[WhiteElo "1789"]
[BlackElo "2087"]
[PlyCount "68"]
[EventDate "2007.09.14"]
[EventType "swiss"]
[EventRounds "9"]
[EventCountry "CRO"]
[Source "lmi"]
[SourceDate "2007.09.14"]

1. e4 c5 2. Nc3 Nc6 3. f4 e6 4. Nf3 Nge7 5. e5 d6 6. exd6 Nf5 7. Bb5 Qxd6 8. d3
Bd7 9. Ne4 Qc7 10. c3 Be7 11. O-O Rd8 12. Qe2 O-O 13. Nfg5 h6 14. Nf3 Ncd4 15.
Nxd4 Nxd4 16. cxd4 Bxb5 17. f5 exf5 18. Rxf5 Qd7 19. Qg4 g6 20. Rf4 Qxg4 21.
Rxg4 f5 22. Rxg6+ Kf7 23. Rxh6 fxe4 24. dxe4 Rxd4 25. Rh7+ Kg8 26. Be3 Kxh7 27.
Bxd4 cxd4 28. h3 d3 29. a4 Bc5+ 30. Kh2 Ba6 31. e5 d2 32. Rd1 Bb4 33. e6 Re8
34. Kg3 Rxe6 0-1

[Event "17. Europa ch Juvenil - Masculino s12"]
[Site "Sibenik CRO"]
[Date "2007.09.14"]
[Round "1.14"]
[White "Nikologorskiy, Konstantin"]
[Black "Thingstad, Anders"]
[Result "1-0"]
[WhiteElo "2084"]
[BlackElo "1759"]
[PlyCount "107"]
[EventDate "2007.09.14"]
[EventType "swiss"]
[EventRounds "9"]
[EventCountry "CRO"]
[Source "lmi"]
[SourceDate "2007.09.14"]

1. c4 Nf6 2. Nc3 g6 3. g3 Bg7 4. Bg2 O-O 5. e4 c5 6. Nge2 Nc6 7. O-O d6 8. d3
e5 9. h3 Ne8 10. Be3 f5 11. Qd2 Be6 12. exf5 Bxf5 13. g4 Be6 14. Ne4 Nf6 15.
N2g3 Nxe4 16. Nxe4 Qc7 17. f4 Nd4 18. Rae1 Rae8 19. Bxd4 exd4 20. Ng5 Bd7 21.
Bd5+ Kh8 22. Nf7+ Rxf7 23. Bxf7 Rf8 24. Bd5 Bc6 25. Qg2 Bh6 26. g5 Bg7 27. Bxc6
bxc6 28. Re6 Qd7 29. Rfe1 Rxf4 30. Re7 Qf5 31. Re8+ Bf8 32. Rf1 Qf7 33. Ra8 Rf5
34. Re1 Re5 35. Rxe5 dxe5 36. Qxc6 Qf4 37. Qf6+ Qxf6 38. gxf6 Kg8 39. Rxa7 h6
40. a4 g5 41. Ra8 Kf7 42. Rxf8+ Kxf8 43. a5 Kf7 44. a6 e4 45. a7 exd3 46. Kf1
d2 47. Ke2 Kxf6 48. a8=Q Ke5 49. Kxd2 Kf4 50. Qg2 h5 51. Qf2+ Ke4 52. Qg3 g4
53. hxg4 hxg4 54. Qxg4+ 1-0

[Event "17. Europa ch Juvenil - Masculino s12"]
[Site "Sibenik CRO"]
[Date "2007.09.14"]
[Round "1.15"]
[White "Lewtak, Damian"]
[Black "Pardo Simon, David"]
[Result "1/2-1/2"]
[WhiteElo "1758"]
[BlackElo "2080"]
[PlyCount "93"]
[EventDate "2007.09.14"]
[EventType "swiss"]
[EventRounds "9"]
[EventCountry "CRO"]
[Source "lmi"]
[SourceDate "2007.09.14"]

1. e4 e5 2. Nf3 Nc6 3. Bb5 a6 4. Ba4 Nf6 5. O-O Nxe4 6. d4 b5 7. Bb3 d5 8. dxe5
Be6 9. a4 Rb8 10. axb5 axb5 11. Be3 Be7 12. c3 O-O 13. Ra6 Qd7 14. Nd4 Nxd4 15.
cxd4 c5 16. Nc3 Nxc3 17. bxc3 c4 18. Bc2 Bf5 19. f4 b4 20. Bxf5 Qxf5 21. Ra7
Bd8 22. Qb1 Qxb1 23. Rxb1 Bb6 24. Ra6 b3 25. Kf2 Bc7 26. Ra7 Rfc8 27. Bc1 Kf8
28. Ke2 Ke8 29. Kd2 Rb6 30. Bb2 Rg6 31. g3 h5 32. Ke3 Bb6 33. Rb7 Ra8 34. Ra1
Rxa1 35. Bxa1 Bd8 36. Ra7 h4 37. Kf3 hxg3 38. hxg3 Rh6 39. Kg2 Rb6 40. Bb2 Rb5
41. Kf3 g6 42. g4 Rb6 43. g5 Rb8 44. Kg4 Rc8 45. Ra6 Kd7 46. f5 gxf5+ 47. Kxf5
1/2-1/2

[Event "17. Europa ch Juvenil - Masculino s12"]
[Site "Sibenik CRO"]
[Date "2007.09.14"]
[Round "1.16"]
[White "Andersen, Mads"]
[Black "Klabis, Rokas"]
[Result "0-1"]
[WhiteElo "2070"]
[BlackElo "1756"]
[PlyCount "132"]
[EventDate "2007.09.14"]
[EventType "swiss"]
[EventRounds "9"]
[EventCountry "CRO"]
[Source "lmi"]
[SourceDate "2007.09.14"]

1. e4 c5 2. Nf3 d6 3. d4 cxd4 4. Nxd4 Nf6 5. Nc3 a6 6. Be2 e5 7. Nb3 Be7 8. Be3
O-O 9. g4 Be6 10. g5 Nfd7 11. h4 Re8 12. Qd2 Nc6 13. O-O-O Rc8 14. f4 exf4 15.
Bxf4 Nce5 16. Nd5 Bxd5 17. Qxd5 Qc7 18. Nd4 Nc5 19. Rd2 Ng6 20. Rf1 Bf8 21. h5
Nxf4 22. Rxf4 Re5 23. Bc4 Ne6 24. Nxe6 fxe6 25. Qxe6+ Rxe6 26. Bxe6+ Kh8 27.
Bxc8 Qxc8 28. Rdf2 Be7 29. Kb1 Kg8 30. g6 hxg6 31. hxg6 Bf6 32. a3 Qe8 33. Rg4
Qe5 34. c3 b6 35. Rf5 Qe6 36. Rgf4 Kf8 37. Kc2 Ke7 38. Rh5 Kd7 39. Rhf5 Be5 40.
Rg4 Kc6 41. Rgg5 Bf6 42. Rg4 b5 43. Rgf4 Be5 44. Rg4 Kb6 45. Rfg5 a5 46. Rf5 a4
47. Rfg5 Qb3+ 48. Kc1 b4 49. axb4 a3 50. bxa3 Qxa3+ 51. Kd1 Qxc3 52. Ke2 Qxb4
53. Rf5 Qc4+ 54. Kd2 Kc5 55. Rf3 Kd4 56. Ke1 Kc5 57. Kd2 d5 58. Rd3 dxe4 59.
Re3 Kd5 60. Rh4 Qa2+ 61. Kd1 Qb1+ 62. Kd2 Kd4 63. Rc3 Qb4 64. Rxe4+ Kxe4 65.
Ke2 Qxc3 66. Kd1 Qb2 0-1

[Event "17. Europa ch Juvenil - Masculino s12"]
[Site "Sibenik CRO"]
[Date "2007.09.14"]
[Round "1.17"]
[White "Tomin, Nenad"]
[Black "Srbis, Jurica"]
[Result "0-1"]
[WhiteElo "1743"]
[BlackElo "2055"]
[PlyCount "68"]
[EventDate "2007.09.14"]
[EventType "swiss"]
[EventRounds "9"]
[EventCountry "CRO"]
[Source "lmi"]
[SourceDate "2007.09.14"]

1. e4 e5 2. Nf3 Nc6 3. d4 exd4 4. c3 d5 5. exd5 Qxd5 6. cxd4 Bg4 7. Be2 O-O-O
8. Nc3 Qa5 9. Be3 Qb4 10. Ng5 Bxe2 11. Qxe2 Nh6 12. a3 Qa5 13. Rd1 Nxd4 14.
Bxd4 Qxg5 15. O-O Bd6 16. f4 Bxf4 17. Ne4 Bxh2+ 18. Kxh2 Qh4+ 19. Kg1 Rhe8 20.
Bxg7 Rxd1 21. Rxd1 Nf5 22. Bf6 Qxf6 23. Qb5 Qb6+ 24. Qxb6 axb6 25. Nc3 c6 26.
Kf2 Ne3 27. Rh1 h6 28. Kf3 Re6 29. Rh5 Nc4 30. Rh4 Nxb2 31. Rb4 Nd3 32. Rxb6
Ne5+ 33. Kf2 Nc4 34. Rb3 Re3 0-1

[Event "17. Europa ch Juvenil - Masculino s12"]
[Site "Sibenik CRO"]
[Date "2007.09.14"]
[Round "1.18"]
[White "Loiseau, Quentin"]
[Black "Hiti, Domen"]
[Result "0-1"]
[WhiteElo "2051"]
[BlackElo "1739"]
[PlyCount "48"]
[EventDate "2007.09.14"]
[EventType "swiss"]
[EventRounds "9"]
[EventCountry "CRO"]
[Source "lmi"]
[SourceDate "2007.09.14"]

1. Nf3 d5 2. d4 Nf6 3. c4 e6 4. e3 c5 5. Nc3 cxd4 6. Nxd4 Nc6 7. cxd5 Nxd5 8.
Nxc6 bxc6 9. Qf3 Qb6 10. Nxd5 cxd5 11. Bd3 Bb4+ 12. Ke2 Ba6 13. e4 dxe4 14.
Qxe4 Bxd3+ 15. Qxd3 Bc5 16. b3 Rd8 17. Qc2 O-O 18. Be3 Bxe3 19. fxe3 Rc8 20.
Qe4 f5 21. Qe5 Rc2+ 22. Kf1 Qc6 23. Qg3 f4 24. Qh3 fxe3+ 0-1

[Event "17. Europa ch Juvenil - Masculino s12"]
[Site "Sibenik CRO"]
[Date "2007.09.14"]
[Round "1.19"]
[White "Deliman, Antonio-Emil"]
[Black "Dragun, Kamil"]
[Result "1/2-1/2"]
[WhiteElo "1727"]
[BlackElo "2050"]
[PlyCount "104"]
[EventDate "2007.09.14"]
[EventType "swiss"]
[EventRounds "9"]
[EventCountry "CRO"]
[Source "lmi"]
[SourceDate "2007.09.14"]

1. d4 Nf6 2. Nf3 g6 3. Bg5 Bg7 4. Nbd2 d5 5. c3 Bf5 6. e3 O-O 7. Bxf6 Bxf6 8.
Be2 Nd7 9. O-O c6 10. b4 e5 11. dxe5 Nxe5 12. Nxe5 Bxe5 13. Qb3 Bc7 14. Rfd1
Qg5 15. Nf3 Qh6 16. g3 Rae8 17. Re1 Bh3 18. Bf1 Bg4 19. Bg2 Qh5 20. Nd4 Re5 21.
Qc2 Rfe8 22. Bf1 Qh6 23. Be2 Bh3 24. Bf1 Bd7 25. Be2 Bb6 26. a3 Bh3 27. Bf1
Bxd4 28. cxd4 Rh5 29. Bxh3 Rxh3 30. f4 Re4 31. Ra2 g5 32. fxg5 Qxg5 33. Qf2 Rh6
34. Rae2 Rf6 35. Qg2 h5 36. h4 Qg7 37. Rf2 Rg6 38. Kh2 Reg4 39. Rg1 Qf8 40. Rf4
Qe7 41. Rxg4 hxg4 42. Qe2 Qe4 43. Rf1 f5 44. Rf4 Qe6 45. Qd3 Rf6 46. Kg2 Kf7
47. Kf2 Qd7 48. Qb3 Ke6 49. a4 Qc7 50. a5 b6 51. Qa3 Rf7 52. Kg2 Kf6 1/2-1/2

[Event "17. Europa ch Juvenil - Masculino s12"]
[Site "Sibenik CRO"]
[Date "2007.09.14"]
[Round "1.20"]
[White "Omelyanchuk, Viktor"]
[Black "Petras, Marian"]
[Result "1-0"]
[WhiteElo "2048"]
[BlackElo "1696"]
[PlyCount "89"]
[EventDate "2007.09.14"]
[EventType "swiss"]
[EventRounds "9"]
[EventCountry "CRO"]
[Source "lmi"]
[SourceDate "2007.09.14"]

1. e4 c5 2. Nf3 Nc6 3. d4 cxd4 4. Nxd4 Nf6 5. Nc3 d6 6. Bc4 e6 7. Be3 Be7 8.
Qe2 O-O 9. O-O-O a6 10. Rhg1 Qc7 11. Bb3 b5 12. g4 b4 13. Na4 Nxe4 14. Nxe6
fxe6 15. Bb6 Qd7 16. Qxe4 d5 17. Qe2 Bd6 18. Be3 Qe7 19. Nb6 Rb8 20. Nxd5 exd5
21. Bxd5+ Be6 22. Bxc6 Bxa2 23. Qxa6 b3 24. Bd5+ Kh8 25. Bxb3 Bxb3 26. Qxd6
Qxd6 27. Rxd6 Rbc8 28. c3 Ra8 29. Kd2 Ra2 30. Rb1 Bf7 31. Bc5 Rc8 32. Bb4 Bg6
33. Rd1 Rxb2+ 34. Ke3 Re8+ 35. Kf3 Be4+ 36. Kg3 Bg6 37. Ra1 Kg8 38. Ra7 Ree2
39. Rd8+ Be8 40. Be7 h6 41. Rxe8+ Kh7 42. Rf8 Rb3 43. Bb4 Re4 44. Rf4 Re2 45.
Rff7 1-0

[Event "17. Europa ch Juvenil - Masculino s12"]
[Site "Sibenik CRO"]
[Date "2007.09.15"]
[Round "2.1"]
[White "Nyzhnyk, Illya"]
[Black "Rindlisbacher, Lars"]
[Result "1-0"]
[WhiteElo "2341"]
[BlackElo "1949"]
[PlyCount "81"]
[EventDate "2007.09.14"]
[EventType "swiss"]
[EventRounds "9"]
[EventCountry "CRO"]
[Source "lmi"]
[SourceDate "2007.09.14"]

1. d4 Nf6 2. c4 g6 3. Nc3 Bg7 4. e4 d6 5. Nf3 O-O 6. Be2 e5 7. dxe5 dxe5 8.
Qxd8 Rxd8 9. Bg5 Re8 10. Nd5 Nxd5 11. cxd5 c6 12. Bc4 cxd5 13. Bxd5 Nd7 14. Nd2
Nb6 15. Bb3 Be6 16. Be3 Bxb3 17. axb3 Nd7 18. Ke2 b6 19. Rhc1 f5 20. Rc7 Nf6
21. Raxa7 Rxa7 22. Rxa7 Rb8 23. f3 f4 24. Bf2 b5 25. b4 Ne8 26. Bc5 g5 27. Nb3
h5 28. Na5 Nf6 29. Nc6 Re8 30. Rb7 g4 31. Rxb5 h4 32. h3 gxh3 33. gxh3 Nh5 34.
Rb7 Ra8 35. Rb8+ Rxb8 36. Nxb8 Kf7 37. b5 Ng3+ 38. Kd3 Ke8 39. b6 Kd8 40. Nc6+
Kc8 41. Na5 1-0